Querida tia (Record no. 1987)

MARC details
000 -Etiqueta do registo
Valores 00806nam a2200289 4500
010 ## - Número ISBN
ISBN 9789722375252
021 ## - Número do Depósito Legal
Código do país Portugal
Número 536895/24
100 ## - Dados gerais de processamento
Dados gerais 20251120d2024 m||y0pory50030103ba
101 ## - Língua de publicação
Língua Português
102 ## - País de publicação
País Portugal
200 ## - Titulo e menção de responsabilidade
Título próprio Querida tia
Primeira menção de responsabilidade Valérie Perrin
Outras menções de responsabilidade trad. Maria de Fátima Carmo, Maria Ferro
205 ## - Menção da edição
Edição 1ª edição
210 ## - Publicação
Local de publicação Lisboa
Nome do editor Presença
Data de publicação 2024
215 ## - Descrição física 
Paginação / Volumes 511 p.
Dimensões 24 cm
225 ## - Colecção 
Título próprio da colecção Grandes narrativas
300 ## - Notas gerais 
Texto da nota BMB-Registado
304 ## - Nota relativa ao título
Texto de nota Tít. orig.: Tata
606 ## - Nome comum usado como assunto
ID Autoridade 1047
Palavra de ordem Literatura Italiana
606 ## - Nome comum usado como assunto
ID Autoridade 779
Palavra de ordem Romance
675 ## - CDU
Notação 821.133.1-31
Edição BMB
Língua por
700 ## - Autor principal (pessoa individual)
Apelido Perrin
Nome Valérie
Datas 1967-
ID Autoridade 1744
702 ## - Autor secundário (pessoa individual)
Apelido Carmo
Nome Maria de Fátima
Função Tradutor
ID Autoridade 1745
702 ## - Autor secundário (pessoa individual)
Apelido Ferro
Nome Maria João
Função Tradutor
ID Autoridade 987
801 ## - Fonte de origem
País PT
Agência BMB
Regras de catalogação RPC
990 ## - Elementos KOHA
Tipo de documento Livro
Holdings
Situação do levantamento Estado Número Biblioteca de origem Código de barras Cota Permissão de empréstimo Tipo de documento Forma de aquisição
    1 Biblioteca Municipal de Borba 1936 821.133.1-31 PER / QUE   Livro Compra
Biblioteca Municipal de Borba

Powered by Koha